LEADER 01259nam a2200289 u 4500 001 000000090103 003 CaOOAMICUS 005 20070226124704.0 008 051206s2004 it od u000 u ita u 020 $a88-420-7473-X 035 $a11071580 040 $aPUL$bita 100 1 $aCosmacini, Giorgio.$0(OLS)http://pul/name/21247 245 14$a"La mia baracca" :$bstoria della Fondazione Don Gnocchi /$cGiorgio Cosmacini. 260 $aRoma ;$aBari :$bLaterza,$cc2004. 300 $axiii, 194 p., [48] p. di tav. :$bfoto, diagr. ;$c21 cm 490 1 $aStoria della medicina e della sanità 500 $aIndici: p. [189]-192. 504 $aContiene bibliografia. 600 14$aGnocchi, Carlo,$csac.,$d1902-1956.$0(OLS)http://pul/subject/25696 830 0$aStoria della medicina e della sanità.$0(OLS)http://pul/title/116383 850 $aPUL 852 $aPUL$W1$xSL Religione 3$y85$m270. 092 COSGI 1$j113778$nBK-PRI$b $qDDC 21$B113778$CPULBib$Z2$F113778 $HPUL100122 $81 941 1 $a9 996 $6020$a88-420-7473-X$9(OLS)http://pul/number/118159 996 $6245$a"La mia baracca" :$bstoria della Fondazione Don Gnocchi$9(OLS)http://pul/title/116382 996 $6260$aRoma ;$aBari :$bLaterza$9(OLS)http://pul/publisher/57682 LEADER 01847nam a2200361 a 4500 001 000000172299 003 CaOOAMICUS 005 20190715123202.0 006 a 000 u 008 190715s2018 it m 001 u ita r 032 $aLibriCat 040 $aPUL$bita 100 1 $aDaniele, Claudio.$0(OLS)http://pul/name/110600 245 10$aAntropologia teologica del desiderio : $buna lettura della morale di S. Tommaso e di S. Alfonso / $cClaudio Daniele. 260 $aRoma :$b[s.n.],$c2018. 300 $a126 p. ; $c24 cm 502 $aEstratto da Tesi di Dottorato: Pontificia Universitas Lateranensis, Academia Alfonsiana,. Institutum Superius Theologiae Moralis. 2018. 504 $aBibliografia : p.[114]-126. 600 04$aThomas Aquinas,$cs.,$dc. 1225-1274$xEtica.$0(OLS)http://pul/subject/25171 600 04$aAlfonsus Maria de Ligorio,$cs.,$d1696-1787.$0(OLS)http://pul/subject/2013 710 2 $aAccademia Alfonsiana. Istituto superiore di Teologia morale.$kTesi.$0(OLS)http://pul/name/81838 850 $aPUL 852 $aPUL$W1$xDP1 Tesi Acc. Alfonsiana$y28$m2018 B 13$j193296$qTesi$B200989$CPULBib$Z2$F200989 $82 910 $aPontificia Università Lateranense. $bAccademia Alfonsiana$981838 910 $aIstituto superiore di Teologia morale. Accademia Alfonsiana$981838 910 $aAcademia Alfonsiana. Institutum superius theologiae moralis$981838 941 1 $a16 960 $aAlphonsus Maria de Ligorio,$cs.,$d1696-1787$92013 960 $aDe Liguori, Alfonso Maria,$cs.,$d1696-1787? $92013 960 $aLiguori, Alfonso Maria de$cs.,$d1696-1787? $92013 996 $6245$aAntropologia teologica del desiderio : $buna lettura della morale di S. Tommaso e di S. Alfonso / $9(OLS)http://pul/title/213221 996 $6260$aRoma :$b[s.n.]$9(OLS)http://pul/publisher/47958